| 000 | 01402nam a2200265 i 4500 | ||
|---|---|---|---|
| 999 |
_c22955 _d22955 |
||
| 003 | AR-CdUCM | ||
| 008 | 240802b cl ||||| |||| 00| 0 spa d | ||
| 020 | _a978-956-307-084-2 | ||
| 040 |
_aMUNICIPALIDAD PROVINCIAL DEL CUSCO _cBIBLIOTECA MUNICIPAL DEL CUSCO |
||
| 041 | _hspa | ||
| 082 |
_a129.8 / S17L _bS17L |
||
| 100 |
_aSaldivia Maldonado, Zenobio _950115 |
||
| 245 |
_aLecturas de epistemología / _cSaldivia Maldonado, Zenobio ; Díaz Céspedes, Francisco |
||
| 260 |
_aChile : _bBravo y Allende Editores, _c2020. |
||
| 300 |
_a186 páginas. : _c21 cm. |
||
| 505 | _aLa ciencia como objeto de estudio -- Paradigmas que han incidido de manera relevante en la marcha de las ciencias -- Epistemología, progreso y diseño -- Introducción al concepto de causalidad en David Hume -- El positivismo y su impacto en Chile -- Jean Piaget y la Teoría de la Evolución de la Inteligencia y los niños en Latinoamérica -- Principales diferencias y semejanzas en la prosa epistémica de Lakatos y Bachelard -- La visión de Paul Feyerabend en torno a los modelos científicos de Newton y de Einstein... | ||
| 650 |
_aLa ciencia _935943 |
||
| 650 |
_aEpistemología _915376 |
||
| 650 |
_aEl positivismo _950116 |
||
| 650 |
_aLakatos y Bachelard _950117 |
||
| 650 |
_aPaul Feyerabend _950118 |
||
| 700 |
_aDíaz Céspedes, Francisco _950119 |
||
| 942 |
_2ddc _cLIBROS |
||
| 945 |
_apbj _d2024-08-02 |
||